Southville International School and Colleges
Your cart is empty.
  • Cart
  • Lists
    Public lists Eva Luna New books Lux_list list_1
    Your lists Log in to create your own lists
  • Log in to your account
  • Your cookies
  • Search history
Southville International School and Colleges
  • Advanced search
  • Recent comments
  • Most popular
  • Libraries

Log in to your account

Log in with GOOGLE


If you do not have an external account, but do have a local account, you can still log in:

  1. Home
  2. MARC view: One day at a time :
Normal view MARC view ISBD view

One day at a time : (Record no. 12712)

[ view plain ]
MARC details
000 -LEADER
fixed length control field 00669nam a2200205 a 4500
005 - DATE AND TIME OF LATEST TRANSACTION
control field 20140310182406.0
008 - FIXED-LENGTH DATA ELEMENTS--GENERAL INFORMATION
fixed length control field 020628s19uu xx 00 eng d
020 ## - INTERNATIONAL STANDARD BOOK NUMBER
International Standard Book Number 9719174943
050 ## - LIBRARY OF CONGRESS CALL NUMBER
Classification number BV 4515.2
Item number .K82 2001
100 ## - MAIN ENTRY--PERSONAL NAME
Personal name Kong, Francis J
245 ## - TITLE STATEMENT
Title One day at a time :
Remainder of title a daily dose of inspiration for the man at work. Book 1 /
Statement of responsibility, etc Francis J. Kong.
260 ## - PUBLICATION, DISTRIBUTION, ETC. (IMPRINT)
Place of publication, distribution, etc Philippines :
Name of publisher, distributor, etc SuccessOption Inc,
Date of publication, distribution, etc 2001.
300 ## - PHYSICAL DESCRIPTION
Extent 247 p. ;
Dimensions 21 cm.
650 ## - SUBJECT ADDED ENTRY--TOPICAL TERM
Topical term or geographic name as entry element Work
General subdivision Literary collections.
650 ## - SUBJECT ADDED ENTRY--TOPICAL TERM
Topical term or geographic name as entry element Businessmen
General subdivision Literary collections.
650 ## - SUBJECT ADDED ENTRY--TOPICAL TERM
Topical term or geographic name as entry element Businessmen (Inspirational writings).
650 ## - SUBJECT ADDED ENTRY--TOPICAL TERM
Topical term or geographic name as entry element Devotional calendars.
942 ## - ADDED ENTRY ELEMENTS (KOHA)
Koha item type Books
Source of classification or shelving scheme Library of Congress Classification
Holdings
Withdrawn status Lost status Source of classification or shelving scheme Damaged status Home library Current library Shelving location Date acquired Total Checkouts Full call number Barcode Date last seen Date checked out Price effective from Koha item type
    Library of Congress Classification   Luxembourg Library Luxembourg Library Filipiniana Section 10/25/2013 1 BV 4515.2 .K82 2001 10662 09/25/2023 09/15/2023 03/10/2014 Books

One day at a time :

APA

Kong F. J., . (2001). One day at a time. Philippines: SuccessOption Inc.

Chicago

Kong Francis J, . 2001. One day at a time. Philippines: SuccessOption Inc.

Harvard

Kong F. J., . (2001). One day at a time. Philippines: SuccessOption Inc.

MLA

Kong Francis J, . One day at a time. Philippines: SuccessOption Inc. 2001.

  • Place hold
  • Print
  • Cite
  • Add to your cart (remove)
  • Save record
    BIBTEX Dublin Core MARCXML MARC (non-Unicode/MARC-8) MARC (Unicode/UTF-8) MARC (Unicode/UTF-8, Standard) MODS (XML) RIS
  • More searches
    Search for this title in:
    Other Libraries (WorldCat) Other Databases (Google Scholar) Online Stores (Bookfinder.com) Open Library (openlibrary.org)

Exporting to Dublin Core...

SOUTHVILLE LIBRARY

Southville International School and Colleges Library

1281 Tropical Ave. Cor. Luxembourg St., BF Homes International, Las Pinas City

Tel. No. 8256374 / 252358 Loc. 117/146

Powered by Koha